<?xml version="1.0" encoding="UTF-8"?>
<record
    xmlns:xsi="http://www.w3.org/2001/XMLSchema-instance"
    xsi:schemaLocation="http://www.loc.gov/MARC21/slim http://www.loc.gov/standards/marcxml/schema/MARC21slim.xsd"
    xmlns="http://www.loc.gov/MARC21/slim">

  <leader>00941nam a2200217 i 4500</leader>
  <controlfield tag="001">187335</controlfield>
  <controlfield tag="003">SpMaBN</controlfield>
  <controlfield tag="005">20250731001136.0</controlfield>
  <controlfield tag="008">170605s1930    sp f         |||| | spa d</controlfield>
  <datafield tag="080" ind1=" " ind2=" ">
    <subfield code="a">94(460.18)"1520/21"</subfield>
  </datafield>
  <datafield tag="100" ind1="1" ind2=" ">
    <subfield code="a">Poch Noguer, Jos&#xE9;.</subfield>
    <subfield code="9">92696</subfield>
  </datafield>
  <datafield tag="245" ind1="1" ind2="4">
    <subfield code="a">Los comuneros de Castilla </subfield>
    <subfield code="b">: la vida por las libertades patrias /</subfield>
    <subfield code="c">por Jos&#xE9; Poch N. ; ilustraciones de Jes&#xFA;s de la Helguera.</subfield>
  </datafield>
  <datafield tag="260" ind1=" " ind2=" ">
    <subfield code="a">Barcelona : </subfield>
    <subfield code="b">Araluce, </subfield>
    <subfield code="c">[1930]</subfield>
  </datafield>
  <datafield tag="300" ind1=" " ind2=" ">
    <subfield code="a">VIII, 9-150 p., [8] h. de l&#xE1;m. col. ; </subfield>
    <subfield code="c">17 cm.</subfield>
  </datafield>
  <datafield tag="490" ind1="1" ind2=" ">
    <subfield code="a">P&#xE1;ginas brillantes de la historia ; </subfield>
    <subfield code="v">19</subfield>
  </datafield>
  <datafield tag="651" ind1=" " ind2="7">
    <subfield code="a">Castilla (Reino)-</subfield>
    <subfield code="x">Historia-</subfield>
    <subfield code="y">1520-1521, Rebeli&#xF3;n de los comuneros</subfield>
    <subfield code="2"></subfield>
    <subfield code="9">142469</subfield>
  </datafield>
  <datafield tag="700" ind1="1" ind2=" ">
    <subfield code="a">Helguera, Jes&#xFA;s de la (</subfield>
    <subfield code="d">1910-1971)</subfield>
    <subfield code="9">162947</subfield>
  </datafield>
  <datafield tag="830" ind1="0" ind2=" ">
    <subfield code="a">P&#xE1;ginas brillantes de la historia ; </subfield>
    <subfield code="v">19</subfield>
    <subfield code="9">225554</subfield>
  </datafield>
  <datafield tag="852" ind1=" " ind2=" ">
    <subfield code="a">ES-MaACL</subfield>
    <subfield code="j">L-31681 </subfield>
    <subfield code="z">- enc. cart. </subfield>
    <subfield code="z">. - Donat. herederos de la bibl. de M&#xAA; del Pilar Costa Palac&#xED;n</subfield>
  </datafield>
  <datafield tag="999" ind1=" " ind2=" ">
    <subfield code="c">187335</subfield>
    <subfield code="d">187335</subfield>
  </datafield>
  <datafield tag="952" ind1=" " ind2=" ">
    <subfield code="0">0</subfield>
    <subfield code="1">0</subfield>
    <subfield code="4">0</subfield>
    <subfield code="7">0</subfield>
    <subfield code="a">ATENEOM</subfield>
    <subfield code="b">ATENEOM</subfield>
    <subfield code="c">DEPO2</subfield>
    <subfield code="d">2017-06-05</subfield>
    <subfield code="e">DON</subfield>
    <subfield code="l">0</subfield>
    <subfield code="o">L-31681</subfield>
    <subfield code="p">1197701</subfield>
    <subfield code="r">2023-02-23 00:00:00</subfield>
    <subfield code="w">2023-02-23</subfield>
    <subfield code="y">MONOGRAFIA</subfield>
  </datafield>
</record>
